|
|
|
|
| LEADER |
00980nam a2200265 a 4500 |
| 001 |
2582535 |
| 008 |
111120r20031997nyua b 000 0 eng |
| 010 |
|
|
|a 96061951
|
| 020 |
|
|
|a 1840460733
|
| 020 |
|
|
|a 1874166552
|
| 040 |
|
|
|a DLC
|c DLC
|d BD-DhAAL
|
| 050 |
0 |
0 |
|a P99
|b .C55 1997
|
| 082 |
0 |
0 |
|a 302.2
|2 21
|
| 100 |
1 |
|
|a Cobley, Paul,
|d 1963-
|
| 245 |
1 |
0 |
|a Introducing semiotics /
|c Paul Cobley and Litza Jansz ; edited by Richard Appignanesi.
|
| 260 |
|
|
|a New York :
|b Totem Books,
|c 1997 [reprinted 2003].
|
| 300 |
|
|
|a 176 p. :
|b ill. ;
|c 21 cm.
|
| 504 |
|
|
|a Includes bibliographical references (p. 174-176).
|
| 541 |
|
|
|e 00013944
|
| 650 |
|
0 |
|a Semiotics
|x Popular works.
|
| 700 |
1 |
|
|a Jansz, Litza,
|d 1958-
|
| 700 |
1 |
|
|a Appignanesi, Richard.
|
| 852 |
1 |
|
|a Ayesha Abed Library
|c General shelf.
|
| 999 |
|
|
|c 11447
|d 11447
|
| 952 |
|
|
|0 0
|1 0
|2 ddc
|4 0
|6 302_200000000000000_COB
|7 0
|9 18605
|a BRACUL
|b BRACUL
|c GEN
|d 2011-11-21
|l 3
|m 28
|o 302.2 COB
|p 3010013944
|r 2016-04-18
|s 2016-01-24
|t 1
|w 2011-11-21
|y BK
|